Копия судебного дела земского начальника Аткарского уезда П. П. фон-Брадке и изложение дела управляющим делами Постоянного совет...

Доступно только в Электронных читальных залах Найти на картеНа карте
RUSMARC
00004298nmc2a22002771x 450
001f8085c04-aef7-4534-b20e-8819201ecf5c
00520131029154516.0
100##$a20130605l19111913k y0rusy50 ca
1010#$arus
102##$aRU
105##$aa z |||||
2001#$aКопия судебного дела земского начальника Аткарского уезда П. П. фон-Брадке и изложение дела управляющим делами Постоянного совета Панчулидзева
$j1911-1913
215##$a83 листа
$cтабл.
251##$cДело
300##$aЧасть текста рукописная, часть - машинописная, часть - напечатана типографским способом
300##$aЗаголовок дела на вложенной папке: Дисциплинарное производство против земского начальника 6 участка Аткарского уезда отставного подполковника Петра Петровича Фон-Брадке
330##$aIV. Переписка Постоянного совета по вопросам объединенного дворянства, по финляндскому вопросу, о печатном органе, о юбилейных праздниках, об архивах дворянских собраний и о деятельности представителей высшего духовенства /1906-1917 гг./
461#0$1001b6db1e6b-efcc-4108-961b-a8f75be6354f
$12001
$aПостоянный совет объединенных дворянских обществ
$1251
$cФонд
$1852
$j434
462#0$1001376737bd-14a2-4097-a3d5-a02b2aa0e2d3
$12001
$aПостоянный совет объединенных дворянских обществ. 1906-1917 гг.
$1251
$cОпись
$1852
$j1
517##$aДисциплинарное производство против земского начальника 6 участка Аткарского уезда отставного подполковника Петра Петровича Фон-Брадке
600#1$aБрадке
$bП. П. фон
600#1$aПанчулидзев
60102$3RU\NLR\AUTH\8810165427
$aПостоянный совет объединенных дворянских обществ
$cПетербург
801#0$aRU
$bGA_RF
801#1$aRU
$bНПО Опыт
$c20130605
$2rusmarc
801#2$aRU
$bПБ им. Б.Н. Ельцина
$c20131029
$gRCR
$2rusmarc
852##$aГА РФ
$j112
937##$d39805910
$hПБ
035##$aRuPRLIB51006729
Формат отображения